000 00962nam a22002897a 4500
001 7859
003 FISKH
005 20250812102049.0
008 250812b cb ||||| |||| 00| 0 eng d
020 _a9781407135557
040 _aFISKH
_beng
_cFISKH
_dFISKH
050 _aPZ7
082 _a823.92
100 _aWebb, Holly
_d(1976-)
245 _aAnimal magic :
_bRabbitmagic /
_cHolly Webb
250 _aThis edition first published in 2009
260 _aLondon :
_bScholastic,
_c2009
300 _a167 pages :
_c20 cm
505 _aJ
520 _aLottie makes her dachshund, Sophie, jealous by taking an interest in rescuing a rabbit from the non-magical pet shop, resulting in the dog running away; and prepares herself for change after learning her father is still alive.
521 8 _a450
_bLexile
521 8 _aJ
_bRaz-Plus
650 _2Animals
_aShooting stars
650 _2Fantasy
_aFiction
942 _2ddc
_cBK
_n0
999 _c7859
_d7859